[Event "EIWCC 2018"]
[Site "Vysoke Tatry"]
[Date "2018.04.08"]
[Round "1"]
[White "Savina, Anastasia"]
[Black "Froewis, Annika"]
[Result "1/2-1/2"]
[WhiteElo "2358"]
[BlackElo "2113"]
[Annotator "TA"]
[PlyCount "155"]
[EventDate "2018.??.??"]
[EventType "swiss"]
[EventCountry "SVK"]
[SourceTitle "playchess.com"]
[Source "ChessBase"]
[SourceQuality "1"]

{[%evp 24,155,17,26,53,22,56,15,74,74,59,74,97,112,115,117,108,108,120,91,177,90,85,85,90,95,179,183,265,272,300,300,286,178,162,154,232,131,590,572,548,547,579,556,518,207,486,180,136,47,49,53,134,46,47,25,46,24,25,0,3,5,47,47,47,37,45,45,45,17,17,4,17,4,4,11,11,18,20,21,21,29,36,0,36,18,18,18,18,18,18,18,18,18,18,18,18,0,8,7,33,33,33,33,33,8,8,8,29,48,48,8,8,8,8,8,8,8,8,8,8,8,8,8,8,8,8,8,8,0,0,0,0,0]} 1. d4 d5 2. c4 e6 3. Nc3 c6 4. e3 Nf6 5. Nf3 Nbd7 6. Qc2 Bd6 7. Bd3 O-O 8. O-O dxc4 9. Bxc4 b5 10. Bd3 Bb7 11. Rd1 Qc7 {D46: Semi-Slav: 5 e3 Nbd7 6 Bd3, Black avoids the Meran} (11... b4 12. Na4 c5 13. dxc5 Rc8 14. Qe2 Bb8 15. Ba6 Bxa6 16. Qxa6 Nxc5 17. Rxd8 Nxa6 18. Rxc8 Rxc8 19. Bd2 {½-½ (50) Timofeev,A (2593)-Gelfand,B (2735) Moscow 2016}) 12. Bd2 a6 13. b4 {LiveBook: 17 Games} Rac8 {White has an edge.} 14. h3 h6 15. Rac1 Qb8 (15... Bxb4 $11 {keeps the balance.} 16. Nxb5 Qd8 17. Bxb4 cxb5) 16. Ne4 $16 Nxe4 17. Bxe4 f5 $146 ({Find the theoretical novelty and annotate with similar games:} 17... Rfd8 18. Qb2 g6 19. Qb1 {1-0 (39) Kojima,S (2398)-Weerawardane,R (2120) Baku 2016}) 18. Bd3 Kh8 19. Re1 Nf6 20. Nh4 Rf7 21. Qb3 Nd5 (21... Re8 $16) 22. f4 (22. e4 $18 fxe4 23. Ng6+ Kg8 24. Bxe4) 22... Re8 23. Ng6+ Kh7 24. Ne5 Rc7 (24... Bxe5 $16 25. fxe5 (25. dxe5 Kg8 $14) 25... Ref8) 25. e4 $18 Bxe5 (25... fxe4 $142 26. Bxe4+ Kg8) 26. fxe5 ({Don't take} 26. dxe5 $6 fxe4 27. Bxe4+ Kh8 $16) 26... fxe4 27. Bxe4+ Kh8 28. Qg3 Ne7 29. Qg4 $36 {[%mdl 2048] White is in control.} Qd8 (29... c5 $16 {is a better defense.}) 30. Be3 ({Better is} 30. Qh5 $1 $18 {Black must now prevent Bxh6!} Nf5 31. Bxf5 exf5 32. d5 (32. Qxf5 Qxd4+ 33. Qf2 Qxf2+ 34. Kxf2 Bc8 $11)) 30... Qd7 $2 {[%mdl 8192]} (30... c5 $16 {is a better chance.}) 31. Rf1 Nf5 32. Rxf5 ({Not} 32. Bxf5 exf5 33. Rxf5 Bc8 $16) 32... exf5 33. Bxf5 Qf7 34. Bg6 $2 (34. e6 Qg8 35. d5 $1 {[%mdl 512]}) 34... Qe6 $2 (34... Qg8 {was called for.} 35. Bxe8 Qxe8) 35. Bxe8 $2 (35. Qh5 Ree7 36. Rf1) 35... Qxe8 36. Rf1 (36. d5 $16 {aiming for e6.} Re7 37. d6) 36... Bc8 $14 37. Qh4 {And now Bxh6 would win.} Be6 {[#]} (37... Rf7 $14) 38. a3 (38. Bxh6 $1 $16 Kg8 39. Be3) 38... Rf7 39. Rxf7 Qxf7 40. Bg5 Qg6 41. Be7 Bd5 {[%csl Gd5][%cal Rg6g2]} 42. Qf2 Qf7 (42... Qd3 {NOTEXT} 43. Kh2 Qxa3 44. Qf8+ Kh7 45. Qf5+ Kg8) 43. Qxf7 Bxf7 {[%mdl 4096] Endgame KB-KB} 44. Kf2 Bd5 45. g4 Kg8 46. h4 Kf7 47. Bc5 g6 48. Kg3 g5 49. Bd6 Bb3 50. Bc7 Ke7 51. Bb6 Bd5 52. Kh3 Ke8 53. Kg3 Ke7 54. hxg5 hxg5 55. Kf2 Be6 56. Kf3 Bd5+ 57. Ke3 Kf7 58. Bd8 Kg6 59. Be7 Be6 60. d5 Bxd5 61. Kd4 Bf3 62. e6 Bxg4 63. Ke5 Bf3 64. Kd6 {[%mdl 1024] White has compensation.} Bd5 65. Bd8 Kf5 66. e7 Bf7 67. Kd7 g4 {The position is equal.} 68. Bb6 g3 69. e8=Q Bxe8+ 70. Kxe8 $11 {KB-KP} Ke6 71. Kd8 Kd5 72. Kc7 g2 73. Bc5 {[#]} a5 $1 {[%mdl 512]} 74. Kb6 (74. bxa5 Kxc5) 74... axb4 $1 75. axb4 Kc4 76. Ka5 Kc3 77. Bf2 Kc4 78. Bg1 {Precision: White = 42%, Black = 48%.} 1/2-1/2

[Event "EIWCC 2018"]
[Site "Vysoke Tatry"]
[Date "2018.04.08"]
[Round "1"]
[White "Mamedjarova, Zeinab"]
[Black "Zpevakova, Jana"]
[Result "1-0"]
[WhiteElo "2355"]
[BlackElo "2106"]
[Annotator "TA"]
[PlyCount "85"]
[EventDate "2018.??.??"]
[EventType "swiss"]
[EventCountry "SVK"]
[SourceTitle "playchess.com"]
[Source "ChessBase"]
[SourceQuality "1"]

{[%evp 19,85,-22,38,-20,-4,-33,-32,-28,-27,-82,-81,-92,-93,-84,0,0,0,0,46,31,173,174,231,184,240,214,213,213,283,281,286,164,174,185,181,77,86,62,64,36,122,111,158,152,161,108,308,214,296,320,688,676,732,684,675,660,791,792,775,748,722,606,29996,29997,29997,29998,29998,29999]} 1. d4 d5 2. Nf3 Nf6 3. c4 e6 4. Nc3 dxc4 5. e3 a6 6. Bxc4 b5 7. Bb3 Bb7 8. O-O c5 9. Qe2 Qc7 {D27: Queen's Gambit Accepted: Classical main line: 7 e4!? and 7 a4} (9... Nbd7 10. Rd1 c4 11. Bc2 b4 12. Na4 Qc7 13. e4 Be7 14. Bg5 a5 15. Rac1 Ba6 16. Bb3 cxb3 17. Qxa6 Rxa6 18. Rxc7 bxa2 {0-1 (32) Xu,Y (2535)-Zhou,J (2632) Danzhou 2016}) 10. Rd1 Be7 {LiveBook: 5 Games} (10... Nbd7 $11) 11. h3 (11. e4 $14) 11... O-O {The position is equal.} 12. dxc5 Bxc5 $146 ({Predecessor:} 12... Nbd7 13. Bd2 {½-½ (13) Gutov,A (2400)-Pereboev,K Novokuznetsk 2001}) 13. e4 Nbd7 14. e5 (14. a3 $11 {keeps the balance.}) 14... Bxf3 $17 15. Qxf3 Nxe5 16. Qg3 Nh5 ({Better is} 16... Rfc8 $17) 17. Qh4 $1 $11 {[%cal Rh4h5]} g6 18. Bg5 Rae8 19. Rac1 {[#] Strongly threatening Ne4.} f6 (19... Be7 $14) 20. Bh6 $18 {Threatens to win with Ne4.} Qf7 (20... Qb6 $142 21. Bxf8 Kxf8) 21. Bxf8 g5 (21... Kxf8 $142 22. Ne2 g5) 22. Qe4 Qxf8 23. Ne2 {And now Qb7 would win.} Ng7 24. Ng3 Kh8 25. h4 (25. Qb7 $142) 25... gxh4 26. Qxh4 f5 27. Nh1 (27. Nh5 $18 Ng4 28. Rc2) 27... Ng4 $16 28. Rd7 Be7 $1 {[%cal Re7h4]} 29. Qg3 h5 ({Black should play} 29... Nh5 $1 $14 30. Qc7 Nhf6) 30. Qc3 Bf6 31. Qd2 h4 32. Rcc7 $36 {[%mdl 2048] Black is under strong pressure.} (32. f3 $18 Ne5 33. Qh6+ Kg8 34. Rdc7) 32... Be5 $2 (32... Kh7 $16 {keeps fighting.} 33. f4 Be7) 33. Ra7 {Hoping for Bd1.} ({And not} 33. Qg5 Bxc7 34. Qxh4+ Kg8 $11) 33... Qc5 {[#]} 34. Bd1 $1 {[%cal Rd1g4]} ({But not} 34. Rxa6 Rc8 $18) 34... h3 $2 (34... Qc4 35. Bxg4 Qxg4 36. Qh6+ Kg8) 35. Bxg4 $18 h2+ 36. Kf1 {White wants to mate with Qh6+.} f4 37. Be2 Nf5 38. Rd8 {[%cal Bd7d8,Bd8e8,Be8e6][%mdl 32]} Qxa7 39. Rxe8+ Kg7 40. Qd8 {Threatening mate with Qg5+.} Qc5 41. Qg5+ {White mates.} Kh7 42. Qg8+ Kh6 43. Rxe6+ {Precision: White = 56%, Black = 27%.} 1-0

[Event "EIWCC 2018"]
[Site "Vysoke Tatry"]
[Date "2018.04.08"]
[Round "1"]
[White "Arakhamia-Grant, Ketevan"]
[Black "Hapala, Elisabeth"]
[Result "1-0"]
[WhiteElo "2347"]
[BlackElo "2091"]
[Annotator "TA"]
[PlyCount "105"]
[EventDate "2018.??.??"]
[EventType "swiss"]
[EventCountry "SVK"]
[SourceTitle "playchess.com"]
[Source "ChessBase"]
[SourceQuality "1"]

{[%evp 18,105,0,0,0,8,40,42,37,20,37,37,43,20,63,-34,47,18,210,174,184,162,154,122,139,110,117,103,210,205,208,205,210,202,198,208,207,200,395,378,647,380,498,219,248,249,239,219,416,417,402,418,429,422,403,394,371,362,543,385,618,606,631,615,1258,1309,29962,29964,5189,4133,2282,1851,29975,1445,1177,0,29975,29976,29976,29977,29977,29978,29976,29978,29978,29979,29979,29980,29980,29980]} 1. e4 c5 2. Nf3 e6 3. b3 Nc6 4. Bb2 d5 5. Bb5 Nf6 6. e5 Nd7 7. Bxc6 bxc6 8. d3 Be7 9. O-O O-O 10. Re1 Qc7 {B30: Sicilian: 2...Nc6 3 Bb5, lines without ...g6} (10... f6 11. exf6 Bxf6 12. Nc3 Qe7 13. Qe2 e5 14. Na4 Qf7 15. c4 Ba6 16. Nxe5 Nxe5 17. Bxe5 Bxe5 18. Qxe5 Qxf2+ {1-0 (39) Spassky,B (2630)-Giardelli,S (2315) Buenos Aires 1978}) 11. Nc3 f6 12. exf6 $146 ({Predecessor:} 12. Qe2 fxe5 13. Nxe5 Nxe5 14. Qxe5 Bd6 15. Qh5 Rf5 16. Qe8+ Rf8 {0-1 (58) Zilahi,G (2081)-Biro,G (2092) Budapest 2002}) 12... Bxf6 {White is slightly better.} 13. h3 e5 14. Na4 Ba6 15. c4 Rae8 16. Qc2 (16. Rc1 $1 $14) 16... d4 (16... Bd8 $15) 17. Nd2 e4 $2 (17... Re6 $11 {and Black has nothing to worry.}) 18. Nxe4 Bh4 19. Re2 Bc8 20. Rf1 Ne5 {Threatens to win with ...Nf3+!} 21. f4 (21. Naxc5 $6 Nf3+ 22. gxf3 Bxh3 $11) 21... Ng6 {[#]} 22. Bc1 $1 (22. Naxc5 $6 Nxf4 23. Bxd4 Rd8 $11) 22... Nxf4 (22... Re7 $16) 23. Bxf4 $18 Rxf4 24. Rxf4 Qxf4 {[#]} 25. Nf6+ $1 {[%mdl 512]} gxf6 (25... Qxf6 26. Rxe8+) 26. Rxe8+ Kf7 27. Re4 (27. Rxc8 {is a self mate.} Qe3+ 28. Qf2 Bxf2+ 29. Kh2 Bg3+ 30. Kh1 Qe1#) 27... Qg3 $2 (27... Qh6 {keeps fighting.} 28. Qe2 (28. Nxc5 Bf5 $16) 28... f5) 28. Qe2 Kg6 $2 (28... Qg5 29. Re7+ Kg6) 29. Nxc5 Bf5 30. Rg4+ (30. Re8 $142 {Strongly threatening Rg8+.} Kh6 31. Ne4) 30... Bxg4 31. Qxg4+ ({Much less strong is} 31. hxg4 $6 Qe5 $16) 31... Qxg4 32. hxg4 {[%mdl 4096] Endgame KB-KN} Bg3 $2 (32... f5 {was called for.} 33. b4 Be1) 33. Ne6 Bd6 34. Kf2 c5 35. Kf3 f5 36. gxf5+ Kxf5 {[#]} 37. Nd8 $1 h5 (37... a6 $142 38. g4+ Kf6) 38. a3 a6 $2 (38... Bc7) 39. Nc6 Bc7 40. b4 Bb6 41. b5 a5 42. Ne7+ Ke5 43. Nd5 Ba7 44. a4 Kf5 45. Ne7+ (45. b6 $142 Bb8 46. Nc7 Kg5 47. Na6 Bf4 48. Nxc5 Kf5 49. b7 Be5 50. Nd7) 45... Ke6 46. Nd5 (46. Nc6 $18 Bb6 47. Kf4) 46... Kf5 $1 47. b6 {White mates.} Bb8 48. Ne7+ Ke6 49. Nc6 Bd6 50. b7 Kd7 51. b8=Q Bxb8 52. Nxb8+ Kc7 53. Ke4 {Precision: White = 60%, Black = 30%.} 1-0

[Event "EIWCC 2018"]
[Site "Vysoke Tatry"]
[Date "2018.04.08"]
[Round "1"]
[White "Gara, Ticia"]
[Black "Caglar, Sila"]
[Result "1-0"]
[WhiteElo "2330"]
[BlackElo "2077"]
[Annotator "TA"]
[PlyCount "103"]
[EventDate "2018.??.??"]
[EventType "swiss"]
[EventCountry "SVK"]
[SourceTitle "playchess.com"]
[Source "ChessBase"]
[SourceQuality "1"]

{[%evp 18,103,19,20,55,33,41,39,132,125,135,125,183,177,183,133,147,143,135,121,132,86,78,90,88,76,76,76,77,84,73,79,68,79,93,93,104,93,99,94,127,130,129,119,126,114,145,138,309,172,274,264,293,281,285,290,260,282,513,481,497,497,469,398,374,382,1072,397,957,920,769,332,719,332,728,445,5410,5189,2425,325,1052,992,4371,5202,5539,5310,2316,2236]} 1. c4 Nf6 2. g3 g6 3. Bg2 Bg7 4. Nc3 d6 5. e3 O-O 6. Nge2 e5 7. O-O c6 8. d4 Re8 9. b3 Nbd7 10. Bb2 {LiveBook: 6 Games. E61: King's Indian: Early deviations for White, including Smyslov System} (10. Ba3 exd4 11. exd4 d5 12. cxd5 Nxd5 13. Nxd5 cxd5 14. Re1 Nf6 15. Nc3 Rxe1+ 16. Qxe1 Be6 17. Ne2 {½-½ (17) Ponkratov,P (2591)-Rogic,D (2511) Mali Losinj 2017}) 10... Nf8 11. Qc2 exd4 12. Nxd4 {White is slightly better.} c5 $146 (12... N8d7 $14) ({Predecessor:} 12... Ne6 13. Nxe6 Bxe6 14. h3 Qa5 15. Qe2 Rad8 16. Rfd1 a6 17. Rd2 d5 18. cxd5 Nxd5 19. Nxd5 Bxd5 20. Bxd5 Rxd5 21. Rxd5 Qxd5 22. Bxg7 Kxg7 {0-1 (44) Munk,L-Stratil,P (2270) Bratislava 1992}) 13. Nde2 $1 $16 Ne6 14. Rad1 Ng5 (14... Qe7 $16 15. h3 h5) 15. Nf4 $18 Bf5 16. Qd2 Nfe4 17. Nxe4 Bxe4 18. Bxg7 Kxg7 19. f3 Bc6 20. e4 Ne6 21. Nxe6+ Rxe6 22. Bh3 Re8 23. Qxd6 Qg5 24. Qf4 Qxf4 25. gxf4 Red8 26. Kf2 b5 27. Ke3 bxc4 28. bxc4 Rab8 29. Rxd8 Rxd8 $16 {[%mdl 4096] Endgame [#] KRB-KRB} 30. Rb1 $1 Rd4 31. Bf1 h5 32. Be2 Kf6 $2 (32... Rd6 $16 33. Bd3 Be8) 33. Rb3 (33. Rg1 $142) 33... Ke7 (33... Rd7 {was necessary.} 34. Bd3 Rb7 35. e5+ Ke7) 34. Ra3 $18 Rd7 35. Ra5 Kd6 36. e5+ Kc7 37. Rxa7+ Kb6 $2 (37... Bb7 38. Ra3 Bc6) 38. Rxd7 Bxd7 {KB-KB} 39. Bd3 Be6 40. Kd2 Ka5 41. Kc3 Ka4 $2 (41... h4 42. Kb3 Kb6) 42. Kb2 $2 (42. h4 Ka5 43. Be4) 42... Kb4 $2 (42... h4 43. a3 Ka5) 43. a3+ Ka4 44. Bc2+ Ka5 45. Kc3 (45. h4 $142 Ka6 46. Kb3) 45... Bf5 $2 (45... h4 46. Kb3 Ka6) 46. Be4 Ka4 (46... h4 $142 47. Ba8 Kb6) 47. Bd5 Be6 48. Kb2 $2 (48. h4 Ka5 {[#]} 49. f5 $1 {[%mdl 512]} gxf5 50. f4) 48... Ka5 $2 (48... h4 49. Bc6+ Ka5) 49. h4 {White is clearly winning.} Ka4 {[#]} 50. f5 $1 gxf5 (50... Bxf5 51. Bxf7) 51. f4 Ka5 52. Kb3 {Precision: White = 62%, Black = 29%.} 1-0

[Event "EIWCC 2018"]
[Site "Vysoke Tatry"]
[Date "2018.04.08"]
[Round "1"]
[White "Sliwicka, Alicja"]
[Black "Kejzar, Petra"]
[Result "0-1"]
[WhiteElo "2329"]
[BlackElo "2071"]
[Annotator "RC"]
[PlyCount "146"]
[EventDate "2018.??.??"]
[EventType "swiss"]
[EventCountry "SVK"]
[SourceTitle "playchess.com"]
[Source "ChessBase"]
[SourceQuality "1"]
[TimeControl "40/5400+30:1800+30"]

1. e4 {[%emt 0:00:00]} c5 {[%emt 0:00:06]} 2. Nf3 {[%emt 0:00:00]} e6 {[%emt 0:00:05]} 3. d4 {[%emt 0:00:00]} cxd4 {[%emt 0:00:04]} 4. Nxd4 {[%emt 0:00:00]} Nc6 {[%emt 0:00:17]} 5. Nc3 {[%emt 0:00:04]} Qc7 {[%emt 0:00:20]} 6. Be2 {[%emt 0:00:12]} a6 {[%emt 0:00:23]} 7. O-O {[%emt 0:00:26]} b5 {[%emt 0:01:49]} 8. Be3 {[%emt 0:02:01]} Nf6 {[%emt 0:01:05]} 9. a3 {[%emt 0:09:31]} Bb7 {[%emt 0:01:24]} 10. f4 {[%emt 0:09:29]} d6 {[%emt 0:12:49]} 11. Qe1 {[%emt 0:05:48]} h5 {[%emt 0:03:02]} 12. Bf3 {[%emt 0:16:44]} Be7 {[%emt 0:06:09]} 13. a4 {[%emt 0:12:14]} b4 {[%emt 0:00:56]} 14. Na2 {[%emt 0:00:47]} Nxd4 {[%emt 0:06:34]} 15. Bxd4 {[%emt 0:00:08]} e5 {[%emt 0:03:42]} 16. Bf2 {[%emt 0:02:18]} a5 {[%emt 0:03:27]} 17. c3 {[%emt 0:09:01]} b3 {[%emt 0:03:40]} 18. Nc1 {[%emt 0:00:05]} Qc4 {[%emt 0:03:50]} 19. Be2 {[%emt 0:01:30]} Qxe4 {[%emt 0:01:13]} 20. Bb5+ {[%emt 0:00:15]} Kf8 {[%emt 0:01:32]} 21. Qxe4 {[%emt 0:00:11]} Nxe4 {[%emt 0:01:00]} 22. fxe5 {[%emt 0:02:47]} dxe5 {[%emt 0:00:25]} 23. Nxb3 {[%emt 0:01:01]} Nxf2 {[%emt 0:03:38]} 24. Rxf2 {[%emt 0:00:58]} Rh6 {[%emt 0:06:17]} 25. Rf5 {[%emt 0:03:00]} Rg6 {[%emt 0:06:34]} 26. g3 {[%emt 0:01:07]} h4 {[%emt 0:01:57]} 27. Rh5 {[%emt 0:04:50]} Kg8 {[%emt 0:01:13]} 28. Bd3 {[%emt 0:03:11]} e4 {[%emt 0:02:49]} 29. Be2 {[%emt 0:00:12]} hxg3 {[%emt 0:02:07]} 30. hxg3 {[%emt 0:01:20]} Rxg3+ {[%emt 0:00:55]} 31. Kf2 {[%emt 0:00:22]} Rg5 {[%emt 0:01:15]} 32. Rxg5 {[%emt 0:03:26]} Bxg5 {[%emt 0:00:01]} 33. Nc5 {[%emt 0:01:00]} e3+ {[%emt 0:03:27]} 34. Kg3 {[%emt 0:02:37]} Bc8 {[%emt 0:01:07]} 35. Ne4 {[%emt 0:02:10]} Bh6 {[%emt 0:00:27]} 36. b4 {[%emt 0:00:36]} f5 {[%emt 0:01:01]} 37. Bc4+ {[%emt 0:00:58]} Kh7 {[%emt 0:00:53]} 38. Nd6 {[%emt 0:02:31]} Bd7 {[%emt 0:08:05]} 39. Bd3 {[%emt 0:02:33]} g6 {[%emt 0:00:22]} 40. b5 {[%emt 0:00:00]} Bf8 {[%emt 0:08:36]} 41. Nc4 {[%emt 0:02:29]} Bc5 {[%emt 0:00:44]} 42. Re1 {[%emt 0:03:05]} Rf8 {[%emt 0:09:15]} 43. Nxa5 {[%emt 0:02:09]} f4+ {[%emt 0:01:39]} 44. Kf3 {[%emt 0:00:26]} Kg7 {[%emt 0:03:51]} 45. Nb7 {[%emt 0:04:52]} Be7 {[%emt 0:00:54]} 46. a5 {[%emt 0:01:49]} g5 {[%emt 0:00:13]} 47. a6 {[%emt 0:01:23]} g4+ {[%emt 0:00:11]} 48. Ke2 {[%emt 0:01:50]} g3 {[%emt 0:05:18]} 49. Kf3 {[%emt 0:01:08]} Kh6 {[%emt 0:06:00]} 50. a7 {[%emt 0:04:47]} Kg5 {[%emt 0:00:43]} 51. Ra1 {[%emt 0:01:42]} Bg4+ {[%emt 0:00:56]} 52. Kg2 {[%emt 0:00:12]} Rh8 {[%emt 0:06:37]} 53. a8=Q {[%emt 0:02:03]} f3+ {[%emt 0:00:18]} 54. Kg1 {[%emt 0:00:32]} f2+ {[%emt 0:00:28]} 55. Kg2 {[%emt 0:00:18]} Rxa8 {[%emt 0:03:09]} 56. Rxa8 {[%emt 0:00:07]} e2 {[%emt 0:01:57]} 57. Bxe2 {[%emt 0:00:23]} Bxe2 {[%emt 0:00:06]} 58. Ra1 {[%emt 0:00:07]} Kf4 {[%emt 0:00:43]} 59. Na5 {[%emt 0:09:07]} Bc5 {[%emt 0:00:47]} 60. Ra4+ {[%emt 0:01:11]} Ke3 {[%emt 0:01:02]} 61. Nc4+ {[%emt 0:00:14]} Kd3 {[%emt 0:00:50]} 62. Ne5+ {[%emt 0:00:30]} Kxc3 {[%emt 0:00:29]} 63. Ra1 {[%emt 0:00:51]} Bd6 {[%emt 0:00:38]} 64. Nf7 {[%emt 0:00:52]} Bf4 {[%emt 0:00:18]} 65. Nd8 {[%emt 0:02:50]} Kc2 {[%emt 0:00:09]} 66. Nc6 {[%emt 0:00:48]} Kd3 {[%emt 0:01:06]} 67. b6 {[%emt 0:00:39]} Ke3 {[%emt 0:00:13]} 68. Ra3+ {[%emt 0:01:16]} Bd3 {[%emt 0:00:04]} 69. Ra1 {[%emt 0:00:50]} Be4+ {[%emt 0:00:09]} 70. Kh3 {[%emt 0:00:16]} Bxc6 {[%emt 0:00:37]} 71. Ra3+ {[%emt 0:00:30]} Ke2 {[%emt 0:00:09]} 72. Ra2+ {[%emt 0:00:12]} Bd2 {[%emt 0:00:10]} 73. Ra1 {[%emt 0:00:08]} g2 {[%emt 0:00:24]} 0-1

[Event "EIWCC 2018"]
[Site "Vysoke Tatry"]
[Date "2018.04.08"]
[Round "1"]
[White "Cibickova, Zuzana"]
[Black "Ferkova, Dominika"]
[Result "1/2-1/2"]
[WhiteElo "2327"]
[BlackElo "2068"]
[Annotator "TA"]
[PlyCount "66"]
[EventDate "2018.??.??"]
[EventType "swiss"]
[EventCountry "SVK"]
[SourceTitle "playchess.com"]
[Source "ChessBase"]
[SourceQuality "1"]

{[%evp 21,66,41,32,25,18,5,1,1,2,4,12,8,4,18,24,5,54,38,39,17,51,52,42,56,56,58,43,51,53,0,0,0,0,0,0,0,0,0,0,0,0,-25,-41,-59,0,0,0]} 1. e4 c6 2. d4 d5 3. e5 Bf5 4. h4 h5 5. Bd3 Bxd3 6. Qxd3 e6 7. Bg5 {B12: Caro-Kann: Advance Variation} Qb6 8. Nd2 c5 9. c4 Nc6 10. Ngf3 cxd4 11. O-O Nge7 {LiveBook: 9 Games} 12. a3 Qc7 $146 ({Predecessor:} 12... Qxb2 13. Rfc1 Qb6 14. Rab1 Qa6 {½-½ (151) Balogh,C (2660)-Tari,A (2450) Germany 2015}) 13. Rfe1 dxc4 14. Nxc4 {[#] aiming for Nd6+.} Nf5 15. b4 a6 16. Rac1 Be7 17. Na5 Bxg5 18. Nxg5 Qd7 19. Nxc6 bxc6 20. Qe4 Qd5 21. Rxc6 Qxe4 22. Nxe4 Kd7 23. Rec1 {[#] Threatens to win with Rc7+.} Rhc8 24. Rxc8 Rxc8 25. Rxc8 ({Better is} 25. Nc5+ $14 Ke7 26. g3) 25... Kxc8 $14 {[%mdl 4096] Endgame KN-KN} 26. g3 d3 27. Kf1 Nd4 $1 28. f4 Nc2 29. Nc5 Nxa3 30. Nxa6 Nc2 31. b5 Nd4 {( -> ...d2)} 32. Ke1 Nxb5 (32... Nf5 $1 $15 33. Kd2 Nxg3) 33. Nc5 $11 Nd4 {Precision: White = 78%, Black = 77%.} 1/2-1/2

[Event "EIWCC 2018"]
[Site "Vysoke Tatry"]
[Date "2018.04.08"]
[Round "1"]
[White "Charochkina, Daria"]
[Black "Palma, Maria"]
[Result "1-0"]
[WhiteElo "2326"]
[BlackElo "2060"]
[Annotator "NA RC"]
[PlyCount "57"]
[EventDate "2018.??.??"]
[EventType "swiss"]
[EventCountry "SVK"]
[SourceTitle "playchess.com"]
[Source "ChessBase"]
[SourceQuality "1"]
[TimeControl "40/5400+30:1800+30"]

1. c4 {[%emt 0:00:00]} Nf6 {[%emt 0:00:28]} 2. Nc3 {[%emt 0:00:00]} c5 {[%emt 0:00:21]} 3. Nf3 {[%emt 0:00:00]} d5 {[%emt 0:02:48]} 4. cxd5 {[%emt 0:07:59]} Nxd5 {[%emt 0:00:11]} 5. Qa4+ {[%emt 0:00:02]} Nc6 {[%emt 0:06:31]} 6. Ne5 {[%emt 0:01:15]} Ndb4 {[%emt 0:15:30]} 7. a3 {[%emt 0:09:52]} Nc2+ {[%emt 0:02:05]} 8. Qxc2 {[%emt 0:00:16]} Nxe5 {[%emt 0:00:07]} 9. g3 {[%emt 0:09:54]} Bd7 {[%emt 0:09:24]} 10. Bg2 {[%emt 0:05:43]} Bc6 {[%emt 0:04:51]} 11. O-O {[%emt 0:00:12]} Bxg2 {[%emt 0:04:13]} 12. Kxg2 {[%emt 0:00:07]} e6 {[%emt 0:02:19]} 13. Qe4 {[%emt 0:00:20]} Nc6 {[%emt 0:00:45]} 14. d3 {[%emt 0:00:04]} Be7 {[%emt 0:04:23]} 15. Be3 {[%emt 0:00:06]} Rc8 {[%emt 0:02:10]} 16. Rac1 {[%emt 0:15:31]} O-O $11 {[%emt 0:04:51]} 17. Rfd1 {[%emt 0:02:21]} e5 {[%emt 0:04:45]} 18. Nd5 {[%emt 0:12:20]} b6 {[%emt 0:02:30]} 19. d4 {[%emt 0:10:54]} exd4 {[%emt 0:06:01]} 20. Bxd4 {[%emt 0:00:35]} Bg5 {[%emt 0:04:22]} 21. Bc3 {[%emt 0:04:41]} Bxc1 {[%emt 0:13:43]} 22. Nf6+ {[%emt 0:00:12]} gxf6 {[%emt 0:00:34]} 23. Rxd8 {[%emt 0:02:33]} Rfxd8 {[%emt 0:01:38]} 24. Bxf6 {[%emt 0:01:27]} Kf8 {[%emt 0:04:31]} 25. Qxh7 {[%emt 0:00:26]} Ke8 {[%emt 0:01:15]} 26. Qg8+ {[%emt 0:00:29]} Kd7 {[%emt 0:00:08]} 27. Qxf7+ {[%emt 0:00:03]} Kd6 {[%emt 0:00:55]} 28. Qc4 {[%emt 0:10:48]} Bh6 {[%emt 0:01:36]} 29. Qd3+ {[%emt 0:00:22] Kd5} 1-0